| 000 -LEADER |
| fixed length control field |
00698nam a22001337a 4500 |
| 040 ## - CATALOGING SOURCE |
| Transcribing agency |
RUA |
| 082 ## - DEWEY DECIMAL CLASSIFICATION NUMBER |
| Classification number |
AGR MON 2024 B1-406 Or. |
| 100 ## - MAIN ENTRY--AUTHOR NAME |
| Personal name |
MON TOLA,ម៉ុន តុលា |
| 245 ## - TITLE STATEMENT |
| Title |
COMOARISON IN MORPHO-AGRONOMIC TRAITS AND STORANGE ROOT YIELD OF SOME SWEET POTATOES(Ipomoea batatas L.).ការប្រៀបធៀបនៃលក្ខណៈក្សេត្រសាស្រ្ត និងទិន្នផលមើមរបស់ស្រឡាយដំឡូងជ្វា(Ipomoea batatas L.) |
| 260 ## - PUBLICATION, DISTRIBUTION, ETC. (IMPRINT) |
| Place of publication |
phnom penh |
| Name of publisher |
rua |
| Year of publication |
2024 |
| 300 ## - PHYSICAL DESCRIPTION |
| Number of Pages |
ix.31p. |
| Other physical details |
ill. |
| Dimensions |
29cm. |
| 856 ## - ELECTRONIC LOCATION AND ACCESS |
| Uniform Resource Identifier |
https://drive.google.com/file/d/1wQXKvuCCV_pw-hxe0mV5_z_MGm4bgiU0/view?usp=sharing |
| 942 ## - ADDED ENTRY ELEMENTS (KOHA) |
| Koha item type |
AGR |
| 952 ## - LOCATION AND ITEM INFORMATION (KOHA) |
| Withdrawn status [LOCAL, KOHA] |
0 |
| 952 ## - LOCATION AND ITEM INFORMATION (KOHA) |
| Withdrawn status [LOCAL, KOHA] |
0 |